000 00475nam a2200181Ia 4500
005 20250508152519.0
008 008 250505s9999 xx 000 0 hin d
037 _aTextual
040 _aFEDL
_beng
_cFEDL
041 _ahin
_2hin
084 _aFH, MAU
_qFEDL
100 _aMaum Saumarset
_9761668
245 0 _aBarsath aur avara
260 _aAllahabad, India
_bKitab Mahal
_c1958
300 _a119p.
942 _cTEXL
_hFH, MAU
999 _c1336919
_d1336919